[Event "Lueneburg op-A"]
[Site "Lueneburg"]
[Date "2016.07.08"]
[Round "9"]
[White "Andris, Georg"]
[Black "Hamann, Marcus"]
[Result "1-0"]
[WhiteElo "1598"]
[BlackElo "1836"]
[PlyCount "61"]
[EventDate "2016.07.01"]
[EventType "swiss"]
[EventRounds "9"]
[EventCountry "GER"]
[SourceTitle "CBM 173 Extra"]
[Source "ChessBase"]
[SourceDate "2016.08.29"]
[SourceVersion "1"]
[SourceVersionDate "2016.08.29"]
[SourceQuality "1"]

1. e4 c5 2. Nf3 Nc6 3. c3 d5 4. exd5 Qxd5 5. d4 Bg4 6. Be2 Nf6 7. 0-0 e6 8. Na3 cxd4 9. Nb5 0-0-0 10. Nbxd4 Qc5 11. Be3 Qe7 12. Nxc6 bxc6 13. Qa4 c5 14. Ba6+ Kc7 15. Bf4+ Rd6 16. Rfd1 Nd5 17. Bxd6+ Qxd6 18. c4 Bxf3 19. gxf3 Qf4 20. Bb5 Bd6 21. Qxa7+ Kc8 22. Qa8+ Kc7 23. Qxh8 Qxh2+ 24. Kf1 Qh3+ 25. Ke1 Qh1+ 26. Kd2 Qh6+ 27. Kc2 Nb4+ 28. Kb3 Qg6 29. Rd2 Nd3 30. Qe8 Ne5 31. Rad1 1-0

[Event "Hamburg St Pauli op-B"]
[Site "Hamburg"]
[Date "2014.07.20"]
[Round "3"]
[White "Andris, Georg"]
[Black "Von Lossow, Marcus"]
[Result "1/2-1/2"]
[WhiteElo "1664"]
[BlackElo "1800"]
[PlyCount "67"]
[EventDate "2014.07.19"]
[EventType "swiss"]
[EventRounds "9"]
[EventCountry "GER"]
[SourceTitle "CBM 161 Extra"]
[Source "ChessBase"]
[SourceDate "2014.08.29"]
[SourceVersion "1"]
[SourceVersionDate "2014.08.29"]
[SourceQuality "1"]

1. e4 e5 2. Nf3 Nc6 3. Bc4 Nf6 4. 0-0 Bc5 5. d3 d6 6. h3 Be6 7. Bb5 0-0 8. a3 a6 9. Bxc6 bxc6 10. Bg5 h6 11. Bh4 Qe7 12. d4 exd4 13. Nxd4 Bd7 14. Re1 Qe5 15. c3 Rfe8 16. Bg3 Qg5 17. Nd2 Qg6 18. Qf3 a5 19. Rac1 Rab8 20. Rb1 Nh5 21. Bh2 Re7 22. Kf1 Rbe8 23. Re2 Nf6 24. Rbe1 Rb8 25. Rb1 Rbe8 26. Rbe1 Bb6 27. Nf5 Bxf5 28. exf5 Rxe2 29. Rxe2 Qg5 30. Rxe8+ Nxe8 31. Ke2 Qe7+ 32. Qe4 Qxe4+ 33. Nxe4 d5 34. Nd2 1/2-1/2

[Event "Hamburg St Pauli op-B"]
[Site "Hamburg"]
[Date "2011.07.12"]
[Round "5"]
[White "Andris, Georg"]
[Black "Kalauch, Johannes"]
[Result "1-0"]
[WhiteElo "1568"]
[BlackElo "1256"]
[PlyCount "92"]
[EventDate "2011.07.09"]
[EventType "swiss"]
[EventRounds "9"]
[EventCountry "GER"]
[SourceTitle "CBM 143 Extra"]
[Source "ChessBase"]
[SourceDate "2011.08.29"]
[SourceVersion "1"]
[SourceVersionDate "2011.08.29"]
[SourceQuality "1"]

1. e4 c5 2. Nf3 Nc6 3. d3 g6 4. g3 Bg7 5. c3 d6 6. Bg2 Nf6 7. Be3 Bg4 8. Nbd2 0-0 9. d4 cxd4 10. cxd4 e6 11. 0-0 Rc8 12. a3 d5 13. e5 Nd7 14. Qe1 Bxf3 15. Nxf3 Na5 16. Rb1 Nc4 17. Bg5 f6 18. exf6 Bxf6 19. Qxe6+ Kg7 20. Qxd5 Bxg5 21. Qxg5 Qxg5 22. Nxg5 Kh6 23. h4 Nd2 24. Ne6 Rfe8 25. Bh3 Nxb1 26. Rxb1 Rc2 27. g4 Re2 28. g5+ Kh5 29. Ng7+ Kxh4 30. Nxe8 Rxe8 31. Bxd7 Rd8 32. Be6 Rxd4 33. Rc1 Kxg5 34. Rc4 Rxc4 35. Bxc4 Kf4 36. Kg2 g5 37. Bf7 b6 38. b3 Kg4 39. Be6+ Kf4 40. Bf7 Kg4 41. f3+ Kf4 42. Bh5 Ke3 43. Kg3 Kd4 44. Kg4 h6 45. Kf5 Ke3 46. Kg6 Kf4 1-0

[Event "Hamburg St Pauli op-B"]
[Site "Hamburg"]
[Date "2011.07.11"]
[Round "3"]
[White "Andris, Georg"]
[Black "Feldhaus, Thomas"]
[Result "0-1"]
[WhiteElo "1568"]
[BlackElo "1836"]
[PlyCount "280"]
[EventDate "2011.07.09"]
[EventType "swiss"]
[EventRounds "9"]
[EventCountry "GER"]
[SourceTitle "CBM 143 Extra"]
[Source "ChessBase"]
[SourceDate "2011.08.29"]
[SourceVersion "1"]
[SourceVersionDate "2011.08.29"]
[SourceQuality "1"]

1. e4 e6 2. d4 d5 3. e5 c5 4. c3 Nc6 5. Nf3 Qb6 6. Be2 Nh6 7. Bd3 Bd7 8. Bc2 cxd4 9. cxd4 Nb4 10. Na3 Nxc2+ 11. Nxc2 Bb5 12. a4 Ba6 13. Rb1 Qa5+ 14. Bd2 Qxa4 15. b4 Rc8 16. Ne3 Qxd1+ 17. Kxd1 Bb5 18. Rc1 Rxc1+ 19. Kxc1 Be7 20. Kb2 Kd7 21. Rc1 Rc8 22. Rxc8 Kxc8 23. g3 f6 24. Nc2 Nf7 25. Na3 Be2 26. Ng1 Bd3 27. Kc3 Bf1 28. f4 fxe5 29. dxe5 a5 30. Nc2 a4 31. Nf3 Kc7 32. Nfd4 Bh3 33. Kb2 g5 34. Ka3 gxf4 35. gxf4 Bh4 36. Kxa4 Nh6 37. b5 Bf5 38. Ne3 Bh3 39. Nf3 Bf2 40. Ng5 Bxe3 41. Bxe3 Bf5 42. Ka5 Ng4 43. Bg1 Nh6 44. Bb6+ Kd7 45. h4 Bg6 46. Nf3 Ng4 47. Bc5 h6 48. Kb6 Kc8 49. Nd2 Bc2 50. Nf3 Bf5 51. Bg1 h5 52. Nd4 Nh6 53. Nb3 Nf7 54. Na5 Nd8 55. Bc5 Be4 56. Nb3 Bg2 57. Nd4 Bh3 58. Be7 Nf7 59. Nb3 Bg2 60. Nc5 d4 61. Nxe6 d3 62. Bb4 Nh6 63. Nc5 Nf5 64. Be1 d2 65. Bxd2 Nxh4 66. e6 Nf5 67. Nd3 h4 68. Nf2 h3 69. Bc3 h2 70. Bf6 h1Q 71. Nxh1 Bxh1 72. Kc5 Be4 73. b6 Bc6 74. Bg5 Bf3 75. Bf6 Ng3 76. Kd4 Nh5 77. Bg5 Ng7 78. Ke5 Bg4 79. e7 Kd7 80. Kf6 Ne8+ 81. Ke5 Nd6 82. Kf6 Bh5 83. Kg7 Ke8 84. Kf6 Nc8 85. Ke6 Bf7+ 86. Ke5 Nxe7 87. Kd6 Nf5+ 88. Ke5 Ne3 89. Kd6 Bg6 90. Kc7 Be4 91. Kd6 Kf7 92. Ke5 Bc6 93. Bd8 Bf3 94. Kd4 Ng4 95. Kc5 Ke6 96. Bc7 Kf5 97. Kd4 Nf6 98. Ke3 Bc6 99. Kd4 Nd5 100. Kc5 Nxf4 101. Kd6 Ke4 102. Bd8 Kd4 103. Bf6+ Kc4 104. Bg5 Nd5 105. Bd8 Kb5 106. Bg5 Nxb6 107. Ke5 Kc4 108. Bd8 Na4 109. Kd6 Bf3 110. Ba5 b5 111. Ke5 Nc5 112. Kf4 Nb3 113. Be1 Bd1 114. Ke3 Nd4 115. Ba5 Nc6 116. Be1 b4 117. Bxb4 Kxb4 118. Kd2 Ba4 119. Ke3 Kc4 120. Kd2 Kd4 121. Kc1 Kc3 122. Kb1 Nb4 123. Kc1 Nc2 124. Kd1 Nd4+ 125. Ke1 Kd3 126. Kf2 Ne2 127. Kf3 Bd7 128. Kf2 Bf5 129. Ke1 Ke3 130. Kd1 Be4 131. Ke1 Bc2 132. Kf1 Nf4 133. Ke1 Ng2+ 134. Kf1 Kf3 135. Kg1 Bd3 136. Kh2 Kf2 137. Kh3 Bf5+ 138. Kh2 Ne3 139. Kh1 Be6 140. Kh2 Nf1+ 0-1

[Event "Hamburg St Pauli op-B"]
[Site "Hamburg"]
[Date "2011.07.10"]
[Round "2"]
[White "Renn, Joachim"]
[Black "Andris, Georg"]
[Result "0-1"]
[WhiteElo "1029"]
[BlackElo "1568"]
[PlyCount "56"]
[EventDate "2011.07.09"]
[EventType "swiss"]
[EventRounds "9"]
[EventCountry "GER"]
[SourceTitle "CBM 143 Extra"]
[Source "ChessBase"]
[SourceDate "2011.08.29"]
[SourceVersion "1"]
[SourceVersionDate "2011.08.29"]
[SourceQuality "1"]

1. c4 Nf6 2. Nc3 e6 3. g3 Bb4 4. Bg2 0-0 5. e3 c5 6. Nge2 Nc6 7. 0-0 Ne7 8. b3 Bxc3 9. Nxc3 d5 10. d3 Rb8 11. Re1 a6 12. a4 Re8 13. Bb2 Ng6 14. e4 d4 15. Ne2 e5 16. Bc1 h6 17. f4 exf4 18. Bxf4 Nxf4 19. Nxf4 Ng4 20. Nd5 Qg5 21. Qc1 Qh5 22. Ra2 Qxh2+ 23. Kf1 Qxg3 24. Kg1 Be6 25. Qd2 Bxd5 26. cxd5 Re5 27. Kf1 Nh2+ 28. Kg1 Nf3+ 0-1